<?xml version="1.0" encoding="UTF-8"?>
<record
    xmlns:xsi="http://www.w3.org/2001/XMLSchema-instance"
    xsi:schemaLocation="http://www.loc.gov/MARC21/slim http://www.loc.gov/standards/marcxml/schema/MARC21slim.xsd"
    xmlns="http://www.loc.gov/MARC21/slim">

  <leader>02038cam a2200337 i 4500</leader>
  <controlfield tag="001">17956382</controlfield>
  <controlfield tag="003">OSt</controlfield>
  <controlfield tag="005">20151012172649.0</controlfield>
  <controlfield tag="008">131127s2014    flua     b    001 0 eng  </controlfield>
  <datafield tag="010" ind1=" " ind2=" ">
    <subfield code="a">  2013042058</subfield>
  </datafield>
  <datafield tag="020" ind1=" " ind2=" ">
    <subfield code="a">9781292024257</subfield>
  </datafield>
  <datafield tag="040" ind1=" " ind2=" ">
    <subfield code="a">DLC</subfield>
    <subfield code="b">eng</subfield>
    <subfield code="c">DLC</subfield>
    <subfield code="e">rda</subfield>
    <subfield code="d">DLC</subfield>
  </datafield>
  <datafield tag="042" ind1=" " ind2=" ">
    <subfield code="a">pcc</subfield>
  </datafield>
  <datafield tag="050" ind1="0" ind2="0">
    <subfield code="a">TR897.7</subfield>
    <subfield code="b">.B573 2014</subfield>
  </datafield>
  <datafield tag="082" ind1="0" ind2="0">
    <subfield code="a">006.696</subfield>
    <subfield code="2">23</subfield>
    <subfield code="b">COG</subfield>
  </datafield>
  <datafield tag="084" ind1=" " ind2=" ">
    <subfield code="a">COM012000</subfield>
    <subfield code="a">COM012040</subfield>
    <subfield code="2">bisacsh</subfield>
  </datafield>
  <datafield tag="245" ind1="1" ind2="4">
    <subfield code="a">Complete graphics with Open GL /</subfield>
    <subfield code="c">Hearn.</subfield>
  </datafield>
  <datafield tag="260" ind1=" " ind2=" ">
    <subfield code="c">2014</subfield>
  </datafield>
  <datafield tag="300" ind1=" " ind2=" ">
    <subfield code="a">xxi, 551 pages :</subfield>
    <subfield code="b">color illustrations ;</subfield>
    <subfield code="c">24 cm</subfield>
  </datafield>
  <datafield tag="504" ind1=" " ind2=" ">
    <subfield code="a">Includes bibliographical references (page 509) and index.</subfield>
  </datafield>
  <datafield tag="520" ind1=" " ind2=" ">
    <subfield code="a">"Blender is a 3D Computer Modeling and Animation program maintained by the Blender Foundation. The program is open source and can be downloaded and used, free of charge, from www.blender.org. Blender is a challenging program but it has limitless possibilities and will give you a wonderful understanding of computer animation. Due to the complexity of the subject, it is not possible to cover everything. This manual is designed for beginners to help with the very basics of computer animation using Blender. My approach has been to introducing the program through the Graphical User Interface by introduce the different features with reference to the interface and providing examples. Blender has many facets which allow the user to create and animate models and figures in scenes and finally compile feature movies. There is also the facility to interact with the models and create video games"--</subfield>
  </datafield>
  <datafield tag="630" ind1="0" ind2="0">
    <subfield code="a">Blender (Computer file)</subfield>
    <subfield code="9">52010</subfield>
  </datafield>
  <datafield tag="650" ind1=" " ind2="0">
    <subfield code="a">Computer animation.</subfield>
    <subfield code="9">52011</subfield>
  </datafield>
  <datafield tag="650" ind1=" " ind2="0">
    <subfield code="a">Three-dimensional display systems.</subfield>
    <subfield code="9">52012</subfield>
  </datafield>
  <datafield tag="650" ind1=" " ind2="0">
    <subfield code="a">Computer graphics.</subfield>
    <subfield code="9">52013</subfield>
  </datafield>
  <datafield tag="650" ind1=" " ind2="7">
    <subfield code="a">COMPUTERS / Computer Graphics.</subfield>
    <subfield code="2">bisacsh</subfield>
    <subfield code="9">19198</subfield>
  </datafield>
  <datafield tag="650" ind1=" " ind2="7">
    <subfield code="a">COMPUTERS / Programming / Games.</subfield>
    <subfield code="2">bisacsh</subfield>
    <subfield code="9">52014</subfield>
  </datafield>
  <datafield tag="906" ind1=" " ind2=" ">
    <subfield code="a">7</subfield>
    <subfield code="b">cbc</subfield>
    <subfield code="c">orignew</subfield>
    <subfield code="d">1</subfield>
    <subfield code="e">ecip</subfield>
    <subfield code="f">20</subfield>
    <subfield code="g">y-gencatlg</subfield>
  </datafield>
  <datafield tag="942" ind1=" " ind2=" ">
    <subfield code="2">ddc</subfield>
    <subfield code="c">BOOK</subfield>
  </datafield>
  <datafield tag="999" ind1=" " ind2=" ">
    <subfield code="c">38363</subfield>
    <subfield code="d">272863</subfield>
  </datafield>
  <datafield tag="952" ind1=" " ind2=" ">
    <subfield code="1">0</subfield>
    <subfield code="2">2015-10-12</subfield>
    <subfield code="4">0</subfield>
    <subfield code="7">0</subfield>
    <subfield code="a">006.696 COG</subfield>
    <subfield code="d">2015-10-12</subfield>
    <subfield code="h">CL</subfield>
    <subfield code="i">00653950</subfield>
    <subfield code="m">CL</subfield>
    <subfield code="q">2017-11-09</subfield>
    <subfield code="r">2018-01-22 00:00:00</subfield>
    <subfield code="t">BOOK</subfield>
    <subfield code="w">ddc</subfield>
    <subfield code="y">3</subfield>
  </datafield>
  <datafield tag="952" ind1=" " ind2=" ">
    <subfield code="1">0</subfield>
    <subfield code="2">2015-10-12</subfield>
    <subfield code="4">0</subfield>
    <subfield code="7">0</subfield>
    <subfield code="a">006.696 COG</subfield>
    <subfield code="d">2015-10-12</subfield>
    <subfield code="h">CL</subfield>
    <subfield code="i">00653951</subfield>
    <subfield code="m">CL</subfield>
    <subfield code="r">2015-10-12 00:00:00</subfield>
    <subfield code="t">BOOK</subfield>
    <subfield code="w">ddc</subfield>
    <subfield code="y">0</subfield>
  </datafield>
  <datafield tag="952" ind1=" " ind2=" ">
    <subfield code="1">0</subfield>
    <subfield code="2">2015-10-12</subfield>
    <subfield code="4">0</subfield>
    <subfield code="7">0</subfield>
    <subfield code="a">006.696 COG</subfield>
    <subfield code="d">2015-10-12</subfield>
    <subfield code="h">CL</subfield>
    <subfield code="i">00653952</subfield>
    <subfield code="m">CL</subfield>
    <subfield code="r">2015-10-12 00:00:00</subfield>
    <subfield code="t">BOOK</subfield>
    <subfield code="w">ddc</subfield>
    <subfield code="y">0</subfield>
  </datafield>
  <datafield tag="952" ind1=" " ind2=" ">
    <subfield code="1">0</subfield>
    <subfield code="2">2015-10-17</subfield>
    <subfield code="4">0</subfield>
    <subfield code="7">0</subfield>
    <subfield code="a">006.696 COG</subfield>
    <subfield code="d">2015-10-17</subfield>
    <subfield code="h">SZM</subfield>
    <subfield code="i">00654611</subfield>
    <subfield code="m">SZM</subfield>
    <subfield code="r">2015-10-17 00:00:00</subfield>
    <subfield code="t">BOOK</subfield>
    <subfield code="w">ddc</subfield>
    <subfield code="y">0</subfield>
  </datafield>
  <datafield tag="952" ind1=" " ind2=" ">
    <subfield code="1">0</subfield>
    <subfield code="2">2015-10-17</subfield>
    <subfield code="4">0</subfield>
    <subfield code="7">0</subfield>
    <subfield code="a">006.696 COG</subfield>
    <subfield code="d">2015-10-17</subfield>
    <subfield code="h">SZM</subfield>
    <subfield code="i">00654612</subfield>
    <subfield code="m">SZM</subfield>
    <subfield code="r">2015-10-17 00:00:00</subfield>
    <subfield code="t">BOOK</subfield>
    <subfield code="w">ddc</subfield>
    <subfield code="y">0</subfield>
  </datafield>
  <datafield tag="952" ind1=" " ind2=" ">
    <subfield code="1">0</subfield>
    <subfield code="2">2022-03-15</subfield>
    <subfield code="4">0</subfield>
    <subfield code="7">0</subfield>
    <subfield code="a">006.696 COG</subfield>
    <subfield code="d">2022-03-15</subfield>
    <subfield code="h">IC</subfield>
    <subfield code="i">00169073</subfield>
    <subfield code="m">IC</subfield>
    <subfield code="r">2022-03-15 00:00:00</subfield>
    <subfield code="t">BOOK</subfield>
    <subfield code="w">ddc</subfield>
    <subfield code="y">0</subfield>
  </datafield>
  <datafield tag="952" ind1=" " ind2=" ">
    <subfield code="1">0</subfield>
    <subfield code="2">2022-03-15</subfield>
    <subfield code="4">0</subfield>
    <subfield code="7">0</subfield>
    <subfield code="a">006.696 COG</subfield>
    <subfield code="d">2022-03-15</subfield>
    <subfield code="h">IC</subfield>
    <subfield code="i">00169074</subfield>
    <subfield code="m">IC</subfield>
    <subfield code="r">2022-03-15 00:00:00</subfield>
    <subfield code="t">BOOK</subfield>
    <subfield code="w">ddc</subfield>
    <subfield code="y">0</subfield>
  </datafield>
  <datafield tag="952" ind1=" " ind2=" ">
    <subfield code="1">0</subfield>
    <subfield code="2">2022-03-15</subfield>
    <subfield code="4">0</subfield>
    <subfield code="7">0</subfield>
    <subfield code="a">006.696 COG</subfield>
    <subfield code="d">2022-03-15</subfield>
    <subfield code="h">SRF</subfield>
    <subfield code="i">00169075</subfield>
    <subfield code="m">SRF</subfield>
    <subfield code="r">2022-03-15 00:00:00</subfield>
    <subfield code="t">BOOK</subfield>
    <subfield code="w">ddc</subfield>
    <subfield code="y">0</subfield>
  </datafield>
  <datafield tag="952" ind1=" " ind2=" ">
    <subfield code="1">0</subfield>
    <subfield code="2">2022-03-15</subfield>
    <subfield code="4">0</subfield>
    <subfield code="7">0</subfield>
    <subfield code="a">006.696 COG</subfield>
    <subfield code="d">2022-03-15</subfield>
    <subfield code="h">SRF</subfield>
    <subfield code="i">00169076</subfield>
    <subfield code="m">SRF</subfield>
    <subfield code="r">2022-03-15 00:00:00</subfield>
    <subfield code="t">BOOK</subfield>
    <subfield code="w">ddc</subfield>
    <subfield code="y">0</subfield>
  </datafield>
  <datafield tag="952" ind1=" " ind2=" ">
    <subfield code="1">0</subfield>
    <subfield code="2">2022-03-15</subfield>
    <subfield code="4">0</subfield>
    <subfield code="7">0</subfield>
    <subfield code="a">006.696 COG</subfield>
    <subfield code="d">2022-03-15</subfield>
    <subfield code="h">SGF</subfield>
    <subfield code="i">00169077</subfield>
    <subfield code="m">SGF</subfield>
    <subfield code="r">2022-03-15 00:00:00</subfield>
    <subfield code="t">BOOK</subfield>
    <subfield code="w">ddc</subfield>
    <subfield code="y">0</subfield>
  </datafield>
  <datafield tag="952" ind1=" " ind2=" ">
    <subfield code="1">0</subfield>
    <subfield code="2">2022-03-15</subfield>
    <subfield code="4">0</subfield>
    <subfield code="7">0</subfield>
    <subfield code="a">006.696 COG</subfield>
    <subfield code="d">2022-03-15</subfield>
    <subfield code="h">SGF</subfield>
    <subfield code="i">00169078</subfield>
    <subfield code="m">SGF</subfield>
    <subfield code="r">2022-03-15 00:00:00</subfield>
    <subfield code="t">BOOK</subfield>
    <subfield code="w">ddc</subfield>
    <subfield code="y">0</subfield>
  </datafield>
  <datafield tag="952" ind1=" " ind2=" ">
    <subfield code="1">0</subfield>
    <subfield code="2">2022-03-15</subfield>
    <subfield code="4">0</subfield>
    <subfield code="7">0</subfield>
    <subfield code="a">006.696 COG</subfield>
    <subfield code="d">2022-03-15</subfield>
    <subfield code="h">EZF</subfield>
    <subfield code="i">00169079</subfield>
    <subfield code="m">EZF</subfield>
    <subfield code="r">2022-03-15 00:00:00</subfield>
    <subfield code="t">BOOK</subfield>
    <subfield code="w">ddc</subfield>
    <subfield code="y">0</subfield>
  </datafield>
</record>
